00612nam a2200181Ia 4500952013500000999001500135003000400150005001700154008004100171040000900212082001800221100002800239245005400267260004700321300000900368650001100377942004200388 00102ddc40708BIOLOGYaMESbMEScBOTANYd2019-02-20g35.00l0o574.92 PIL/Ip18714r2019-02-20 00:00:00w2019-02-20yBKzGL18R3 c1425d1425OSt20201109123709.0190216s9999||||xx |||||||||||||| ||und|| coclc a574.92bPIL/I aPillai, N Krishna96351 0aIntroduction To Planktonology /cN Krishna Pillai bHimalaya Publishing House,c1986.aBombay: a104p aBotany cBK2ddch574.92iPIL/Ik574.92mPIL/I